[Event "PervenstvoRT2015"]
[Site "?"]
[Date "2015.08.23"]
[Round "4.6"]
[White "Ilya, Krasov"]
[Black "Ainur, Garafutdinov"]
[Result "0-1"]
[LiveChessVersion "1.4.6"]
[BlackElo "1946"]
[WhiteElo "1798"]

1. d4 {[%clk 1:30:58]} f5 {[%clk 1:30:58]} 2. Nc3 {[%clk 1:31:21]} d5
{[%clk 1:31:25]} 3. Bg5 {[%clk 1:31:45]} g6 {[%clk 1:31:52]} 4. e3
{[%clk 1:32:09]} Bg7 {[%clk 1:32:19]} 5. Nf3 {[%clk 1:32:27]} c6 {[%clk 1:32:47]}
6. Be2 {[%clk 1:32:47]} Nf6 {[%clk 1:32:55]} 7. Bf4 {[%clk 1:32:59]} O-O
{[%clk 1:33:00]} 8. O-O {[%clk 1:33:23]} Ne4 {[%clk 1:16:07]} 9. a4
{[%clk 1:25:34]} Nd7 {[%clk 1:12:15]} 10. Na2 {[%clk 1:25:10]} h6
{[%clk 1:09:19]} 11. c4 {[%clk 1:15:45]} g5 {[%clk 1:08:44]} 12. Bg3
{[%clk 1:15:28]} Nxg3 {[%clk 1:07:59]} 13. hxg3 {[%clk 1:15:48]} dxc4
{[%clk 1:04:52]} 14. Bxc4+ {[%clk 1:16:10]} Kh8 {[%clk 1:05:14]} 15. Nc3
{[%clk 1:15:04]} Qe8 {[%clk 1:02:11]} 16. d5 {[%clk 1:06:51]} Nb6
{[%clk 1:01:11]} 17. Bb3 {[%clk 1:07:12]} Nxd5 {[%clk 1:00:15]} 18. Nxd5
{[%clk 0:58:29]} cxd5 {[%clk 1:00:39]} 19. Qxd5 {[%clk 0:58:56]} e6
{[%clk 0:47:36]} 20. Qd6 {[%clk 0:54:38]} Bxb2 {[%clk 0:41:45]} 21. Rad1
{[%clk 0:54:54]} Bf6 {[%clk 0:40:44]} 22. Ne5 {[%clk 0:53:45]} Kg7
{[%clk 0:38:14]} 23. Rd3 {[%clk 0:46:31]} Qe7 {[%clk 0:17:58]} 24. Nc4
{[%clk 0:43:19]} Rd8 {[%clk 0:14:38]} 25. Qxd8 {[%clk 0:43:18]} Qxd8
{[%clk 0:15:05]} 26. Rxd8 {[%clk 0:43:42]} Bxd8 {[%clk 0:15:35]} 27. Nd6
{[%clk 0:44:02]} Kf6 {[%clk 0:15:10]} 28. Rc1 {[%clk 0:43:47]} Bd7
{[%clk 0:15:12]} 29. Nxb7 {[%clk 0:43:43]} Be7 {[%clk 0:12:39]} 30. Nc5
{[%clk 0:37:20]} Bxc5 {[%clk 0:09:39]} 31. Rxc5 {[%clk 0:37:45]} Rc8
{[%clk 0:09:53]} 32. Ra5 {[%clk 0:25:04]} Rc1+ {[%clk 0:10:15]} 33. Kh2
{[%clk 0:25:27]} Rc7 {[%clk 0:10:43]} 34. Kg1 {[%clk 0:25:44]} Bc8
{[%clk 0:08:27]} 35. Rb5 {[%clk 0:25:54]} Rb7 {[%clk 0:08:49]} 36. Bc4
{[%clk 0:25:15]} Rxb5 {[%clk 0:09:13]} 37. Bxb5 {[%clk 0:25:41]} Ke7
{[%clk 0:09:07]} 38. Kf1 {[%clk 0:25:27]} Kd6 {[%clk 0:08:30]} 39. Ke2
{[%clk 0:25:30]} a6 {[%clk 0:08:12]} 40. Be8 {[%clk 0:23:20]} Bb7
{[%clk 0:08:16]} 41. Kd3 {[%clk 0:22:01]} Bxg2 {[%clk 0:06:57]} 42. Kd4
{[%clk 0:21:55]} Bf3 {[%clk 0:07:10]} 43. Bg6 {[%clk 0:18:38]} h5
{[%clk 0:03:33]} 44. e4 {[%clk 0:19:02]} e5+ {[%clk 0:03:51]} 45. Ke3
{[%clk 0:17:29]} fxe4 {[%clk 0:04:14]} 46. Bf5 {[%clk 0:15:29]} a5
{[%clk 0:04:03]} 47. Bc8 {[%clk 0:15:10]} Bg2 {[%clk 0:04:07]} 48. Bf5
{[%clk 0:14:28]} Kd5 {[%clk 0:03:53]} 49. Bg6 {[%clk 0:14:03]} h4
{[%clk 0:04:04]} 50. gxh4 {[%clk 0:14:23]} gxh4 {[%clk 0:04:34]} 51. Bf7+
{[%clk 0:14:41]} Kd6 {[%clk 0:04:59]} 52. f4 {[%clk 0:12:13]} exf3
{[%clk 0:05:21]} 53. Kf2 {[%clk 0:12:37]} Kc5 {[%clk 0:05:46]} 54. Be8
{[%clk 0:12:41]} Kd4 {[%clk 0:06:12]} 55. Bc6 {[%clk 0:12:44]} e4
{[%clk 0:06:38]} 56. Kg1 {[%clk 0:12:40]} e3 {[%clk 0:06:57]} 57. Kh2
{[%clk 0:11:59]} e2 {[%clk 0:07:21]} 58. Bb5 {[%clk 0:12:11]} e1=Q
{[%clk 0:07:20]} 59. Bd3 {[%clk 0:12:21]} Qh1# {[%clk 0:07:46]} 60. Bf1 0-1

[Event "PervenstvoRT2015"]
[Site "?"]
[Date "2015.08.23"]
[Round "4.7"]
[White "Albert, Suleimanov"]
[Black "Emir, Khafizov"]
[Result "1-0"]
[LiveChessVersion "1.4.6"]
[BlackElo "1691"]
[WhiteElo "1930"]

1. d4 {[%clk 1:30:58]} c5 {[%clk 1:30:16]} 2. d5 {[%clk 1:31:20]} e5 3. c4
{[%clk 1:31:06]} d6 {[%clk 1:31:04]} 4. Nc3 {[%clk 1:31:17]} Be7 {[%clk 1:31:14]}
5. Nf3 {[%clk 1:31:23]} a6 {[%clk 1:31:35]} 6. e4 {[%clk 1:30:16]} Bg4
{[%clk 1:31:57]} 7. Be3 {[%clk 1:28:33]} Bxf3 {[%clk 1:31:29]} 8. Qxf3
{[%clk 1:26:21]} Bg5 {[%clk 1:31:50]} 9. Be2 {[%clk 1:21:56]} Bxe3
{[%clk 1:31:55]} 10. Qxe3 {[%clk 1:22:17]} Ne7 {[%clk 1:32:14]} 11. g3
{[%clk 1:21:15]} Nd7 {[%clk 1:28:28]} 12. f4 {[%clk 1:17:27]} g6 {[%clk 1:24:58]}
13. Rf1 {[%clk 1:10:42]} Qc7 {[%clk 1:22:10]} 14. f5 {[%clk 1:09:53]} f6
{[%clk 1:16:23]} 15. h4 {[%clk 1:10:06]} O-O-O {[%clk 1:14:10]} 16. Bg4
{[%clk 1:02:13]} Rdf8 {[%clk 1:13:50]} 17. O-O-O {[%clk 0:55:15]} Rhg8
{[%clk 1:11:31]} 18. Qh6 {[%clk 0:49:17]} Rf7 {[%clk 1:09:36]} 19. fxg6
{[%clk 0:48:42]} Rxg6 {[%clk 1:09:27]} 20. Qh5 {[%clk 0:48:55]} Rfg7
{[%clk 1:09:05]} 21. Be6 {[%clk 0:46:27]} Rxg3 {[%clk 0:57:44]} 22. Qe8+
{[%clk 0:43:48]} Qd8 {[%clk 0:57:13]} 23. Bxd7+ {[%clk 0:44:12]} Kc7
{[%clk 0:57:24]} 24. Qxd8+ {[%clk 0:44:26]} Kxd8 {[%clk 0:57:49]} 25. Be6
{[%clk 0:44:43]} R7g6 {[%clk 0:57:45]} 26. Rf2 {[%clk 0:44:00]} 1-0

[Event "PervenstvoRT2015"]
[Site "?"]
[Date "2015.08.23"]
[Round "4.8"]
[White "Darya, Kuznetsova"]
[Black "Kirill, Akifiev"]
[Result "1-0"]
[LiveChessVersion "1.4.6"]
[BlackElo "1823"]
[WhiteElo "1918"]

1. e4 {[%clk 1:30:58]} c5 {[%clk 1:30:45]} 2. Nf3 {[%clk 1:31:23]} e6
{[%clk 1:31:08]} 3. c4 {[%clk 1:31:51]} Nc6 {[%clk 1:31:14]} 4. Nc3
{[%clk 1:32:15]} d6 {[%clk 1:31:33]} 5. d4 {[%clk 1:32:38]} cxd4 {[%clk 1:31:57]}
6. Nxd4 {[%clk 1:33:05]} Nxd4 {[%clk 1:30:07]} 7. Qxd4 {[%clk 1:33:27]} Nf6
{[%clk 1:30:32]} 8. Bg5 {[%clk 1:24:52]} Be7 {[%clk 1:30:54]} 9. Rd1
{[%clk 1:23:24]} O-O {[%clk 1:27:09]} 10. Be2 {[%clk 1:17:45]} h6
{[%clk 1:27:08]} 11. Be3 {[%clk 1:12:35]} Bd7 {[%clk 1:05:00]} 12. b4
{[%clk 1:06:27]} Qb6 {[%clk 0:54:39]} 13. Qd2 {[%clk 0:43:55]} Qxb4
{[%clk 0:42:55]} 14. O-O {[%clk 0:44:07]} Qa5 {[%clk 0:42:32]} 15. c5
{[%clk 0:22:25]} Bd8 {[%clk 0:22:31]} 16. cxd6 {[%clk 0:22:24]} Rc8
{[%clk 0:22:26]} 17. Rc1 {[%clk 0:21:26]} Bb6 {[%clk 0:20:14]} 18. Bxb6
{[%clk 0:19:39]} Qxb6 {[%clk 0:20:25]} 19. e5 {[%clk 0:19:08]} Nh7
{[%clk 0:20:28]} 20. Ne4 {[%clk 0:17:27]} Rxc1 {[%clk 0:17:40]} 21. Rxc1
{[%clk 0:17:33]} f6 {[%clk 0:16:53]} 22. Nc5 {[%clk 0:16:28]} Rd8
{[%clk 0:12:08]} 23. a4 {[%clk 0:13:00]} Ng5 {[%clk 0:09:55]} 24. a5
{[%clk 0:11:48]} 1-0

[Event "PervenstvoRT2015"]
[Site "?"]
[Date "2015.08.23"]
[Round "4.9"]
[White "Roman, Pirmamedov"]
[Black "Emin, Aliev"]
[Result "1-0"]
[LiveChessVersion "1.4.6"]
[BlackElo "1669"]
[WhiteElo "1848"]

1. e4 {[%clk 1:30:30]} c5 {[%clk 1:13:46]} 2. Ne2 {[%clk 1:30:55]} Nc6
{[%clk 1:14:07]} 3. Nbc3 {[%clk 1:31:21]} Nf6 {[%clk 1:14:29]} 4. g3
{[%clk 1:31:47]} e6 {[%clk 1:14:50]} 5. f4 {[%clk 1:32:08]} d5 {[%clk 1:14:06]}
6. e5 {[%clk 1:32:32]} Nd7 {[%clk 1:14:25]} 7. Bg2 {[%clk 1:31:15]} c4
{[%clk 1:14:49]} 8. d4 {[%clk 1:31:33]} cxd3 {[%clk 1:14:53]} 9. cxd3
{[%clk 1:31:57]} Bb4 {[%clk 1:14:35]} 10. d4 {[%clk 1:32:15]} Bxc3+
{[%clk 1:13:00]} 11. bxc3 {[%clk 1:32:40]} b6 {[%clk 1:13:10]} 12. O-O
{[%clk 1:33:04]} Ba6 {[%clk 1:13:36]} 13. f5 {[%clk 1:33:08]} Qc7
{[%clk 1:08:57]} 14. fxe6 {[%clk 1:25:57]} fxe6 {[%clk 1:09:12]} 15. Nf4
{[%clk 1:24:33]} Nf8 {[%clk 1:06:50]} 16. Re1 {[%clk 1:23:37]} O-O-O
{[%clk 1:07:05]} 17. Ba3 {[%clk 1:24:00]} g5 {[%clk 1:06:07]} 18. Bd6
{[%clk 1:23:28]} Rxd6 {[%clk 1:03:00]} 19. exd6 {[%clk 1:23:54]} Qd7
{[%clk 1:02:43]} 20. Qa4 {[%clk 1:20:21]} Kb7 {[%clk 1:02:45]} 21. Nxe6
{[%clk 1:18:12]} Nxe6 {[%clk 0:59:46]} 22. Bxd5 {[%clk 1:18:36]} Re8
{[%clk 0:59:55]} 23. Bxc6+ {[%clk 1:18:43]} Qxc6 {[%clk 1:00:08]} 24. Qxc6+
{[%clk 1:19:10]} Kxc6 {[%clk 1:00:13]} 25. d5+ {[%clk 1:19:28]} Kxd6
{[%clk 0:55:52]} 26. Rxe6+ {[%clk 1:19:47]} Rxe6 {[%clk 0:56:11]} 27. dxe6
{[%clk 1:20:16]} Kxe6 {[%clk 0:56:39]} 28. Re1+ {[%clk 1:20:39]} Kd6
{[%clk 0:55:41]} 29. Re8 {[%clk 1:21:01]} Bc4 {[%clk 0:53:49]} 30. a3
{[%clk 1:21:20]} Kd5 {[%clk 0:49:33]} 31. Rg8 {[%clk 1:21:17]} Bd3
{[%clk 0:49:36]} 32. Kf2 {[%clk 1:21:27]} Bg6 {[%clk 0:49:55]} 33. Rc8
{[%clk 1:21:27]} Bf5 {[%clk 0:49:49]} 34. Rc7 {[%clk 1:21:46]} a5
{[%clk 0:50:13]} 35. Ke3 {[%clk 1:22:09]} b5 {[%clk 0:50:02]} 36. c4+
{[%clk 1:19:00]} bxc4 {[%clk 0:41:50]} 37. Ra7 {[%clk 1:19:26]} a4
{[%clk 0:35:43]} 38. Ra5+ {[%clk 1:19:58]} Ke6 {[%clk 0:36:01]} 39. Rxa4
{[%clk 1:20:23]} c3 {[%clk 0:36:00]} 40. Ra6+ {[%clk 1:18:58]} Kd7
{[%clk 0:36:05]} 41. Ra5 {[%clk 1:18:59]} Bb1 {[%clk 0:36:14]} 42. Rxg5
{[%clk 1:19:18]} Kc6 {[%clk 0:36:33]} 43. Kd4 {[%clk 1:18:23]} c2
{[%clk 0:36:49]} 44. Rc5+ {[%clk 1:18:51]} Kb6 {[%clk 0:36:56]} 45. g4
{[%clk 1:19:07]} Ka6 {[%clk 0:37:06]} 46. h4 {[%clk 1:19:20]} Kb6
{[%clk 0:37:33]} 47. g5 {[%clk 1:19:38]} Ka6 {[%clk 0:37:48]} 48. h5
{[%clk 1:20:03]} Kb6 {[%clk 0:38:06]} 49. g6 {[%clk 1:20:22]} hxg6
{[%clk 0:38:30]} 50. h6 {[%clk 1:20:49]} g5 {[%clk 0:38:32]} 51. h7
{[%clk 1:20:12]} c1=Q {[%clk 0:38:47]} 52. Rxc1 {[%clk 1:20:34]} Bxh7
{[%clk 0:39:14]} 53. Rg1 {[%clk 1:20:56]} Ka5 {[%clk 0:39:28]} 54. Rxg5+
{[%clk 1:21:01]} Ka4 {[%clk 0:39:46]} 55. Kc3 {[%clk 1:21:26]} Bb1
{[%clk 0:39:30]} 56. Rg8 {[%clk 1:21:42]} Bh7 {[%clk 0:39:42]} 57. Rh8
{[%clk 1:21:41]} Bg6 {[%clk 0:40:00]} 58. Ra8+ {[%clk 1:22:02]} Kb5
{[%clk 0:40:20]} 59. a4+ {[%clk 1:22:24]} Kb6 {[%clk 0:40:36]} 60. Kb4
{[%clk 1:22:26]} Be4 {[%clk 0:40:34]} 61. Re8 {[%clk 1:22:22]} Bd3
{[%clk 0:40:57]} 62. Re6+ {[%clk 1:22:44]} Kb7 {[%clk 0:41:17]} 63. Ka5
{[%clk 1:21:16]} Bf1 {[%clk 0:41:36]} 64. Re7+ {[%clk 1:20:25]} Kc6
{[%clk 0:42:02]} 65. Re1 {[%clk 1:20:36]} Bd3 {[%clk 0:42:21]} 66. Re3
{[%clk 1:20:55]} Bf1 {[%clk 0:42:42]} 67. Rb3 {[%clk 1:21:10]} Be2
{[%clk 0:42:43]} 68. Rb4 {[%clk 1:21:06]} Bd3 {[%clk 0:42:48]} 69. Rb3
{[%clk 1:21:28]} Bf1 {[%clk 0:43:12]} 70. Rb2 {[%clk 1:21:54]} Bd3
{[%clk 0:43:37]} 71. Kb4 {[%clk 1:22:20]} Ba6 {[%clk 0:42:58]} 72. Rb3
{[%clk 1:20:14]} Bf1 {[%clk 0:42:41]} 73. Kc3 {[%clk 1:19:35]} Be2
{[%clk 0:42:29]} 74. Kd4 {[%clk 1:19:55]} Bf1 {[%clk 0:41:36]} 75. a5
{[%clk 1:20:19]} Bb5 {[%clk 0:41:34]} 76. Rb2 {[%clk 1:20:44]} Bf1
{[%clk 0:41:33]} 77. Rb6+ {[%clk 1:21:09]} Kc7 {[%clk 0:41:58]} 78. Kc5
{[%clk 1:21:34]} Be2 {[%clk 0:41:37]} 79. a6 {[%clk 1:21:53]} Bf3
{[%clk 0:42:03]} 80. Rf6 {[%clk 1:21:20]} Bh5 {[%clk 0:40:57]} 81. Rh6
{[%clk 1:21:44]} Bf3 {[%clk 0:41:14]} 82. Rh7+ {[%clk 1:22:04]} Kb8
{[%clk 0:41:02]} 83. Kb6 {[%clk 1:22:06]} Kc8 {[%clk 0:40:49]} 84. a7
{[%clk 1:22:28]} Be4 {[%clk 0:41:04]} 85. Rc7+ {[%clk 1:22:53]} Kd8
{[%clk 0:41:31]} 86. Rb7 {[%clk 1:23:19]} Bxb7 {[%clk 0:41:43]} 87. Kxb7
{[%clk 1:23:39]} 1-0

[Event "PervenstvoRT2015"]
[Site "?"]
[Date "2015.08.23"]
[Round "4.10"]
[White "Ilyas, Valiev"]
[Black "Imanuil, Peisakhov"]
[Result "0-1"]
[LiveChessVersion "1.4.6"]
[BlackElo "1897"]
[WhiteElo "1718"]

1. d4 {[%clk 1:30:57]} Nf6 {[%clk 1:30:56]} 2. c4 {[%clk 1:31:08]} e6
{[%clk 1:31:25]} 3. Nc3 {[%clk 1:31:13]} d5 {[%clk 1:31:50]} 4. e3
{[%clk 1:31:13]} Be7 {[%clk 1:31:37]} 5. Nf3 {[%clk 1:31:36]} O-O
{[%clk 1:31:57]} 6. cxd5 {[%clk 1:30:26]} exd5 7. Be2 {[%clk 1:30:45]} c6
{[%clk 1:31:51]} 8. O-O {[%clk 1:30:59]} Bf5 {[%clk 1:32:09]} 9. Nh4
{[%clk 1:28:14]} Be6 10. Nf3 {[%clk 1:25:51]} c5 {[%clk 1:27:01]} 11. Bd2
{[%clk 1:24:15]} Ne4 {[%clk 1:25:05]} 12. Ne5 {[%clk 1:22:30]} cxd4
{[%clk 1:20:51]} 13. exd4 {[%clk 1:22:41]} f6 {[%clk 1:12:22]} 14. Bg4
{[%clk 1:18:30]} f5 {[%clk 1:03:15]} 15. Bh3 {[%clk 1:17:06]} Qb6
{[%clk 0:57:05]} 16. Nxe4 {[%clk 1:16:09]} dxe4 17. Bc3 {[%clk 1:14:31]} Nc6
{[%clk 0:52:56]} 18. Nxc6 {[%clk 1:12:43]} Qxc6 {[%clk 0:52:09]} 19. Qd2
{[%clk 1:10:18]} Rad8 {[%clk 0:49:56]} 20. g3 {[%clk 1:10:05]} Bf6
{[%clk 0:49:21]} 21. Bg2 {[%clk 1:09:18]} Qb6 {[%clk 0:46:47]} 22. Rfd1
{[%clk 1:09:34]} Rd7 {[%clk 0:44:53]} 23. Kh1 {[%clk 1:08:54]} Qb5
{[%clk 0:39:56]} 24. Qe3 {[%clk 1:08:42]} Rfd8 {[%clk 0:34:25]} 25. g4
{[%clk 1:04:07]} fxg4 {[%clk 0:26:12]} 26. Bxe4 {[%clk 1:03:28]} Bd5
{[%clk 0:21:34]} 27. Kg1 {[%clk 1:03:49]} Qc6 {[%clk 0:20:36]} 28. Bxd5+
{[%clk 1:03:34]} Qxd5 {[%clk 0:20:32]} 29. a3 {[%clk 1:03:14]} h5 30. Re1
{[%clk 1:01:43]} Bxd4 {[%clk 0:19:07]} 31. Bxd4 {[%clk 1:02:06]} Qxd4
{[%clk 0:19:20]} 32. Qe6+ {[%clk 1:02:28]} Rf7 {[%clk 0:17:29]} 33. Re2
{[%clk 1:01:42]} Rdf8 {[%clk 0:16:53]} 34. Rf1 {[%clk 1:01:35]} Qf6
{[%clk 0:17:10]} 35. Qxf6 {[%clk 1:01:21]} Rxf6 {[%clk 0:16:57]} 36. Rd1
{[%clk 1:00:59]} g6 {[%clk 0:16:44]} 37. Rd7 {[%clk 1:00:37]} R8f7
{[%clk 0:16:59]} 38. Rd4 {[%clk 1:00:02]} Kg7 {[%clk 0:17:16]} 39. Kg2
{[%clk 1:00:02]} Rc6 {[%clk 0:16:53]} 40. Red2 {[%clk 1:00:03]} Rfc7
{[%clk 0:16:06]} 41. b4 {[%clk 0:59:39]} Kh6 {[%clk 0:15:39]} 42. R2d3
{[%clk 0:59:05]} b6 {[%clk 0:16:01]} 43. Kg3 {[%clk 0:58:36]} Rc2
{[%clk 0:15:31]} 44. Kg2 {[%clk 0:55:54]} Rf7 {[%clk 0:15:23]} 45. Rd2
{[%clk 0:55:58]} Rxd2 {[%clk 0:15:17]} 46. Rxd2 {[%clk 0:56:25]} Rf3
{[%clk 0:15:44]} 47. a4 {[%clk 0:56:29]} Ra3 {[%clk 0:16:03]} 48. a5
{[%clk 0:56:23]} bxa5 {[%clk 0:16:21]} 49. bxa5 {[%clk 0:56:24]} Rxa5
{[%clk 0:16:48]} 50. Rb2 {[%clk 0:56:39]} Kg5 {[%clk 0:17:11]} 51. Rb3
{[%clk 0:55:54]} Ra2 {[%clk 0:17:06]} 52. Kg3 {[%clk 0:55:50]} a5
{[%clk 0:17:22]} 53. Rb5+ {[%clk 0:55:36]} Kh6 {[%clk 0:17:33]} 54. Rc5
{[%clk 0:55:19]} a4 {[%clk 0:17:56]} 55. Ra5 {[%clk 0:55:21]} Ra1
{[%clk 0:18:22]} 56. Kg2 {[%clk 0:54:57]} a3 {[%clk 0:18:46]} 57. Rb5
{[%clk 0:52:35]} a2 {[%clk 0:18:51]} 58. Ra5 {[%clk 0:52:58]} Kg7
{[%clk 0:19:16]} 59. Ra6 {[%clk 0:52:56]} Kf7 {[%clk 0:19:45]} 60. Ra5
{[%clk 0:53:09]} Ke6 {[%clk 0:19:52]} 61. Ra8 {[%clk 0:53:01]} Kd5
{[%clk 0:19:49]} 62. Rd8+ {[%clk 0:53:03]} Kc4 {[%clk 0:19:57]} 63. Rc8+
{[%clk 0:53:14]} Kd5 {[%clk 0:20:14]} 64. Ra8 {[%clk 0:53:27]} h4
{[%clk 0:20:36]} 65. Ra5+ {[%clk 0:52:52]} Ke6 {[%clk 0:20:52]} 66. Ra6+
{[%clk 0:51:07]} Kf5 67. Ra5+ {[%clk 0:51:18]} Kf6 {[%clk 0:21:42]} 68. h3
{[%clk 0:51:28]} gxh3+ 69. Kh2 {[%clk 0:51:53]} Ke6 {[%clk 0:22:02]} 70. Ra8
{[%clk 0:51:43]} Kf5 {[%clk 0:22:03]} 0-1

[Event "PervenstvoRT2015"]
[Site "?"]
[Date "2015.08.24"]
[Round "5.4"]
[White "Mikhail, Galiullin"]
[Black "Anastasia, Kozina"]
[Result "1-0"]
[LiveChessVersion "1.4.6"]
[BlackElo "2105"]
[WhiteElo "2110"]

1. e4 {[%clk 1:30:55]} e6 {[%clk 1:30:54]} 2. d3 {[%clk 1:30:16]} d5
{[%clk 1:31:01]} 3. Nd2 {[%clk 1:30:39]} Nf6 {[%clk 1:31:18]} 4. g3
{[%clk 1:30:52]} c5 {[%clk 1:31:38]} 5. Bg2 {[%clk 1:31:13]} Nc6 {[%clk 1:32:01]}
6. Ngf3 {[%clk 1:30:35]} Be7 {[%clk 1:32:24]} 7. O-O {[%clk 1:30:41]} O-O
{[%clk 1:32:47]} 8. Re1 {[%clk 1:30:31]} b5 {[%clk 1:32:07]} 9. e5
{[%clk 1:22:08]} Nd7 {[%clk 1:32:30]} 10. a4 {[%clk 1:15:25]} bxa4
{[%clk 1:24:10]} 11. Rxa4 {[%clk 1:13:56]} Qc7 {[%clk 1:24:26]} 12. Qe2
{[%clk 1:12:52]} Nb4 {[%clk 1:24:12]} 13. Nf1 {[%clk 1:11:17]} Nb6
{[%clk 1:21:40]} 14. Ra1 {[%clk 1:11:29]} c4 {[%clk 1:19:32]} 15. d4
{[%clk 1:07:15]} c3 {[%clk 1:18:34]} 16. bxc3 {[%clk 0:53:51]} Qxc3
{[%clk 1:18:46]} 17. Bd2 {[%clk 0:54:10]} Qc4 {[%clk 1:12:53]} 18. Ne3
{[%clk 0:52:05]} Qxe2 {[%clk 1:12:49]} 19. Rxe2 {[%clk 0:52:30]} a5
{[%clk 1:10:25]} 20. Ree1 {[%clk 0:50:42]} Bd7 {[%clk 1:05:56]} 21. Reb1
{[%clk 0:48:48]} Rfb8 {[%clk 1:05:54]} 22. Bf1 {[%clk 0:46:23]} Kf8
{[%clk 0:54:15]} 23. c3 {[%clk 0:43:01]} Nc6 {[%clk 0:54:35]} 24. Bd3
{[%clk 0:43:26]} a4 {[%clk 0:49:30]} 25. Bc1 {[%clk 0:42:04]} Na5
{[%clk 0:48:04]} 26. Nd2 {[%clk 0:41:16]} Nc8 {[%clk 0:41:53]} 27. Rxb8
{[%clk 0:39:59]} Rxb8 {[%clk 0:42:17]} 28. Bc2 {[%clk 0:36:26]} Nb6
{[%clk 0:40:39]} 29. Kf1 {[%clk 0:36:32]} Rc8 {[%clk 0:40:18]} 30. Bb2
{[%clk 0:34:46]} Nac4 {[%clk 0:36:13]} 31. Nexc4 {[%clk 0:34:02]} Nxc4
{[%clk 0:36:19]} 32. Nxc4 {[%clk 0:34:20]} Rxc4 {[%clk 0:36:44]} 33. Ke2
{[%clk 0:29:33]} h6 {[%clk 0:31:48]} 34. Kd2 {[%clk 0:29:12]} Ke8
{[%clk 0:31:14]} 35. Ba3 {[%clk 0:27:06]} Bxa3 {[%clk 0:31:38]} 36. Rxa3
{[%clk 0:25:33]} Kd8 {[%clk 0:31:35]} 37. f4 {[%clk 0:24:03]} Kc8
{[%clk 0:27:42]} 38. g4 {[%clk 0:23:20]} Kd8 {[%clk 0:27:23]} 39. Bd1
{[%clk 0:18:14]} Ke7 {[%clk 0:25:30]} 40. Be2 {[%clk 0:14:26]} Rc8
{[%clk 0:24:32]} 41. Bd1 {[%clk 0:10:07]} Rc4 {[%clk 0:23:20]} 42. Ra2
{[%clk 0:10:33]} g5 {[%clk 0:21:29]} 43. f5 {[%clk 0:08:18]} exf5
{[%clk 0:21:55]} 44. gxf5 {[%clk 0:08:43]} Bxf5 {[%clk 0:22:18]} 45. Bxa4
{[%clk 0:09:03]} Be4 {[%clk 0:22:36]} 46. Bd1 {[%clk 0:06:30]} Rc6
{[%clk 0:22:25]} 47. Ra7+ {[%clk 0:06:30]} Ke6 {[%clk 0:22:46]} 48. Ba4
{[%clk 0:04:00]} Rb6 {[%clk 0:22:15]} 49. Bd7+ {[%clk 0:04:12]} Ke7
{[%clk 0:22:40]} 50. Bf5+ {[%clk 0:03:54]} Ke8 {[%clk 0:22:51]} 51. Ra8+
{[%clk 0:03:57]} Ke7 {[%clk 0:23:09]} 52. Ra7+ {[%clk 0:04:25]} Ke8
{[%clk 0:23:26]} 53. Ra8+ {[%clk 0:02:26]} Ke7 {[%clk 0:23:50]} 54. Bxe4
{[%clk 0:02:47]} dxe4 {[%clk 0:24:15]} 55. Ke3 {[%clk 0:02:58]} Rb3
{[%clk 0:24:14]} 56. Rc8 {[%clk 0:00:44]} Rb2 {[%clk 0:24:00]} 57. d5
{[%clk 0:00:47]} Rxh2 {[%clk 0:24:00]} 58. d6+ {[%clk 0:01:04]} Ke6
{[%clk 0:24:05]} 59. Re8+ {[%clk 0:00:46]} Kd7 {[%clk 0:23:45]} 60. Re7+
{[%clk 0:01:12]} Kc6 {[%clk 0:24:04]} 61. Rc7+ {[%clk 0:00:52]} Kb6
{[%clk 0:24:26]} 62. c4 {[%clk 0:00:39]} Rh3+ {[%clk 0:24:28]} 63. Kxe4
{[%clk 0:00:54]} Rh4+ {[%clk 0:24:53]} 64. Kd5 {[%clk 0:01:11]} Rh1
{[%clk 0:25:02]} 65. c5+ {[%clk 0:01:38]} Kb5 {[%clk 0:25:25]} 66. Rb7+
{[%clk 0:01:54]} Ka6 {[%clk 0:25:46]} 67. Kc6 {[%clk 0:02:05]} g4
{[%clk 0:25:07]} 68. d7 {[%clk 0:02:28]} Rd1 {[%clk 0:25:30]} 69. Rb1
{[%clk 0:02:47]} Rxb1 {[%clk 0:25:33]} 70. d8=Q {[%clk 0:03:10]} 1-0